|
|
|
|
| LEADER |
00000ny a22000003n 4500 |
| 005 |
20110524135652.0 |
| 008 |
080625s2004 sp s 000 0 spa c |
| 020 |
|
|
|a 8484940918
|
| 035 |
|
|
|a 1315
|
| 040 |
|
|
|a UMA.RE
|d vLex
|
| 080 |
|
|
|a 336.23(460)"1989"(094.5)(0.034)
|
| 090 |
|
|
|c 227
|d 227
|
| 100 |
1 |
|
|a Martn̕ Fernǹdez, Javier
|
| 245 |
1 |
0 |
|a Ley 8/1989, de 13 de abril, de tasas y precios pb︢licos
|h [Recurso electrn̤ico]
|c Javier Martn̕ Fernǹdez y Jaime Aneiros Pereira
|
| 256 |
|
|
|a Servicio en ln̕ea
|
| 260 |
|
|
|a [Madrid] :
|b Edersa,
|c 2004
|
| 506 |
1 |
|
|a Contenido solo disponible en los productos indicados
|d vLex Global
|d vLex Global (Academic Edition, excluding Law Schools)
|d vLex Global (U.S. Academic Edition, Law Schools)
|d vLex Global (U.S. Academic Edition, excluding Law Schools)
|d vLex Global (Academic Edition, Law Schools)
|
| 650 |
0 |
7 |
|a Tributario
|2 Tesauro vLex
|
| 650 |
0 |
7 |
|a Administrativo
|2 Tesauro vLex
|
| 650 |
0 |
7 |
|a Precios pb︢licos
|2 Tesauro vLex
|
| 650 |
0 |
7 |
|a Tasas
|2 Tesauro vLex
|
| 700 |
1 |
|
|a Aneiros Pereira, Jaime
|
| 710 |
2 |
|
|a Espaą.
|t Ley de tasas y precios pb︢licos, 1989
|
| 740 |
0 |
|
|a vLex Libros (Servicios en ln̕ea)
|
| 856 |
4 |
0 |
|u http://vlex.com/source/1315
|z Acceso restringido
|
| 942 |
|
|
|c BOOK
|
| 999 |
0 |
|
|a Administrative law
|b Spain
|